000 00687nam a2200181 a 4500
001 000007094
005 20200929154051.0
008 090904s2000 dr a 001 0 spa d
040 _aDO-SdBNP
082 _axxxx
_bM844j
100 1 _aMoreta Batista, Rafael Guaroa,
_d1934-
_919705
245 1 0 _aJirones sapienciales /
_cRafael Guaroa Moreta Batista ; cuidado de edición Juan Luciano Amadis Rodríguez.
260 _aBonao, Monseñor Nouel, República Dominicana :
_bHortensias Editorial,
_c2000.
300 _a112 p. :
_bil. ;
_c22 cm.
500 _aIncluye índice por Lemas
504 _aIncluye bibliografías (p. 112)
700 1 _aAmadis Rodríguez, Juan Luciano,
_ecuidado ed.
_919706
999 _c6875
_d6875